000 00552nam a22001817a 4500
003 UA-OsUOA
001 11161
007 ta
008 20050225b un ||||| |||| 00| 0 ukr d
100 _aСтефанюк І.Б.
942 _cSA
040 _aUA-OsUOA
_cUA-OsUOA
_dUA-OsUOA
245 _aПоняття, сутність і причини виникнення контролінгу.
300 _aС.146-153
955 _a0
773 0 _w0
_tФінанси України
_dКиїв
_d2005
_g№2
650 7 _aФінансовий контроль
_2UDC
999 _c297322
_d297322